000 00723nam a22001815i 4500
001 165903
003 ES-MaACL
005 20230906213227.0
008 030718s1901 sp |||| | spa d
040 _aCAM
_bspa
_cCAM
100 1 _aSuñer Ordóñez, Enrique.
_9108797
245 1 0 _aLocalización y funciones de los centros ópticos en el hombre
_b: memoria del doctorado /
_cpor Enrique Suñer y Ordóñez.
260 _aMadrid :
_b[s.n.],
_c1901 (
_fImprenta de Ricardo Rojas)
300 _a50 p. ;
_c24 cm.
594 _aPrecede al tit.: Facultad de Medicina de Madrid.
650 4 _aOftalmología.
_915693
852 _aES-MaACL
_jT-1019-F-8
_z-- Enc. hol., conservando la enc. original
_z-- Enc. en un vol. facticio
999 _c165903
_d165903